| 000 | 00000nam##2200000za#4500 |
| 001 | 9.632910 |
| 003 | CaOODSP |
| 005 | 20210624215048 |
| 007 | cr ||||||||||| |
| 008 | 150407|2000||||xxc|||||o f|0| 0 fre|d |
| 040 | |aCaOODSP|bfre |
| 043 | |an-cn--- |
| 086 | 1 |aSW21-87/2001F-PDF |
| 110 | 1 |aCanada. |bCondition féminine Canada. |
| 245 | 10|aPolitique internationale en matière de commerce : une introduction / |h[ressource électronique]|c[par] Kathleen Macmillan. |
| 260 | |aOttawa - Ontario : |bCondition féminine Canada |c2000. |
| 300 | |a45p.|bglossaire |
| 500 | |aLe n° de catalogue et l'ISBN de l'édition imprimée ont été incorrectement copiés dans cette édition électronique. |
| 504 | |aBibliographie. |
| 590 | |a06-10-Supp|b2006-12-15 |
| 691 | 07|aCommerce extérieur|2gcpds |
| 691 | 07|aCondition de la femme|2gcpds |
| 691 | 07|aLibre-échange|2gcpds |
| 691 | 07|aPolitique commerciale|2gcpds |
| 720 | 1 |aMacmillan, Kathleen |
| 775 | 08|tInternational trade policy : a primer / |w(CaOODSP)9.688485 |
| 776 | 0#|tInternational trade policy: a primer / |w(CaOODSP)9.663343 |
| 776 | 0#|tPolitique internationale en matière de commerce: une introduction / |w(CaOODSP)9.663344 |
| 856 | 40|ahttp://publications.gc.ca|qPDF|s401 Ko|uhttps://publications.gc.ca/collections/Collection/SW21-87-2001F.pdf |